| 000 | 00559nam a2200253Ia 4500 | ||
|---|---|---|---|
| 008 | 150901s9999 xx 000 0 und d | ||
| 020 | _a9789380424673 | ||
| 041 | _aEnglish | ||
| 082 | _a635 | ||
| 082 | _bPRE/PR | ||
| 100 | _aAruna P | ||
| 100 | _aMuthu kumar | ||
| 100 | _aPreethi T L | ||
| 100 | _eAuthor | ||
| 245 | _aProtected horticulture | ||
| 250 | _a1st Ed. | ||
| 260 | _aDelhi | ||
| 260 | _bNarendra | ||
| 260 | _c2012 | ||
| 300 | _a190 Pages | ||
| 365 | _aRs.795/- | ||
| 650 | _aHorticulture | ||
| 942 | _cBK | ||
| 999 |
_c245093 _d245093 |
||